00906nam a2200217 i 450000100060000000300090000600500170001500700030003200800410003511000710007624501520014726000320029930000360033149000400036750400280040770000340043583000480046985200320051799900170054995201220056639571ES-MaACL20230906160030.0t|030303s1978 sp ||||1| spa d2 aCiudad Sanitaria La Paz. bDepartamento de Rehabilitación.9284810aRehabilitación del amputado del miembro superior / cDepartamento de Rehabilitación de la Ciudad Sanitaria La Paz dirigido por, A. Cano Torres. aMadrid : bMapfre, c[1978] a4 h., 186 p. : bil. ; c21 cm.1 aColección Temas de medicina ; v4 aBibliografía. Indice.1 aCano Torres, Andrés.9345740 aColección Temas de medicina ; v49229709 aES-MaACLjA-10173 bR.98724 c39571d39571 00104070aATENEOMbATENEOMcDEPO1d2008-01-17eSCl0oA-10173p1041671r2023-02-23 00:00:00w2023-02-23yMONOGRAFIA